| Tag |
First Indicator |
Second Indicator |
Subfields |
| LEADER |
00000cam a2200000 a 4500 |
| 001 |
in00000019110 |
| 005 |
20220103115026.0 |
| 007 |
cr unu a |
| 008 |
880721s1987 xx a b 00010 eng d |
| 035 |
|
|
|9 AAB4196AM
|
| 035 |
|
|
|a (OCoLC)18249716
|
| 040 |
|
|
|a TXA
|c TXA
|d UtOrBLW
|
| 049 |
|
|
|a TXAZ [Also in] [Archives]
|c 1 [A10995107], 2 [A10995157]
|
| 099 |
|
|
|a 1987
|a Thesis
|a M647
|
| 100 |
1 |
|
|a Miller, Clayton Lowell,
|d 1963-
|
| 245 |
1 |
2 |
|a A gas kick model for the personal computer /
|c by Clayton Lowell Miller.
|
| 264 |
|
1 |
|a [Place of publication not identified] :
|b [publisher not identified] ;
|c 1987.
|
| 300 |
|
|
|a xi, 111 leaves :
|b illustrations ;
|c 29 cm.
|
| 336 |
|
|
|a text
|b txt
|2 rdacontent
|
| 337 |
|
|
|a computer
|b c
|2 rdamedia
|
| 338 |
|
|
|a online resource
|b cr
|2 rdacarrier
|
| 500 |
|
|
|a "Major subject: Petroleum Engineering."
|
| 500 |
|
|
|a Typescript (photocopy).
|
| 500 |
|
|
|a Vita.
|
| 502 |
|
|
|b M.S.
|c Texas A&M University
|d 1987.
|
| 504 |
|
|
|a Bibliography: leaves 88-89.
|
| 530 |
|
|
|a Also available online.
|
| 650 |
|
0 |
|a Gas wells
|x Blowouts
|x Data processing.
|
| 650 |
|
0 |
|a Oil wells
|x Blowouts
|x Data processing.
|
| 650 |
|
4 |
|a Major petroleum engineering.
|
| 856 |
4 |
1 |
|u https://hdl.handle.net/1969.1/ETD-TAMU-1987-THESIS-M647
|z Link to OAKTrust copy
|t 0
|
| 999 |
|
|
|a MARS
|
| 999 |
f |
f |
|s 8d4102fb-2867-3abe-b6f9-86103744dae7
|i 6f0038ca-eccb-3a2c-9617-b3c9d03a064f
|t 0
|
| 952 |
f |
f |
|p noncirc
|a Texas A&M University
|b J.J. Pickle Campus
|c High Density Repository
|s HDR
|d Remote Storage
|t 0
|e 1987 Thesis M647
|h Other scheme
|i computer -- online resource
|m A14839619605
|
| 952 |
f |
f |
|a Texas A&M University
|b College Station
|c Electronic Resources
|s www_evans
|d Available Online
|t 0
|e 1987 Thesis M647
|h Other scheme
|
| 998 |
f |
f |
|a 1987 Thesis M647
|t 0
|l Remote Storage
|
| 998 |
f |
f |
|a 1987 Thesis M647
|t 0
|l Available Online
|